Statistics for Nicknames of Countries

Click here to take the quiz!

General Stats

  • This quiz has been taken 27 times
  • The average score is 104 of 172

Answer Stats

NicknamesAnswer% Correct
The Middle Kingdom | The Red DragonChina
86%
The Land of the Rising SunJapan
86%
Graveyard of EmpiresAfghanistan
82%
The Gift of the NileEgypt
82%
The Emerald IsleIreland
82%
The BootItaly
82%
Text Capital of the World | The Pearl of the Asian SeasPhilippines
82%
Rainbow NationalSouth Africa
82%
Land of Milk and Honey
Helevetia
Switzerland
82%
BritanniaUnited Kingdom
82%
The Land Down UnderAustralia
77%
The White Rus | The White RussiaBelarus
77%
The Great White NorthCanada
77%
L’hexagone
The Hexagon
France
77%
Land of Fire and IceIceland
77%
Hindustan | Sare Jahan Se AchhaIndia
77%
The Emerald of the EquatorIndonesia
77%
The Holy LandIsrael
77%
The Lion CitySingapore
77%
India's Teardrop
The Pearl of the Indian Ocean
Sri Lanka
77%
Land of SmilesThailand
77%
Bread Basket of EuropeUkraine
77%
Land of Beauty and Music | The Musical Center of EuropeAustria
73%
Land of the Thunder DragonBhutan
73%
The Land of PoetsChile
73%
Land of Thousand LakesFinland
73%
The Land of Poets and ThinkersGermany
73%
HellasGreece
73%
Switzerland of the Middle EastLebanon
73%
Land of the Golden PagodasMyanmar
73%
Land of the Long White CloudNew Zealand
73%
The Hermit KingdomNorth Korea
73%
Land of the IncasPeru
73%
The Land of the Rus | The MotherlandRussia
73%
The Sunny Side of the AlpsSlovenia
73%
Land of the Palms (Pindorama)Brazil
68%
CzechiaCzechia
68%
PersiaIran
68%
Cradle of Ancient Civilization
Mother of Civilizations
Iraq
68%
The Red IslandMadagascar
68%
HollandNetherlands
68%
The Heart of South America | The Island Surrounded by LandParaguay
68%
The Land of the Two Holy MosquesSaudi Arabia
68%
Republic of FormosaTaiwan
68%
The Land of SilverArgentina
64%
The Battleground of EuropeBelgium
64%
The Tibet of the AmericasBolivia
64%
Kampuchea | Land of the KhmerCambodia
64%
The Gateway to South AmericaColombia
64%
Land of Spice | The Spice IsleGrenada
64%
The Hashemite KingdomJordan
64%
The Kingdom in the SkyLesotho
64%
The Gibraltar of the North | The Grand DuchyLuxembourg
64%
Chilangolandia | The Navel of the Moon
Chilangolandia
Mexico
64%
The Land of Lakes and VolcanoesNicaragua
64%
Land of the Midnight SunNorway
64%
The Pearl of ArabiaOman
64%
Red and White | The land of FieldsPoland
64%
The Land of Count DraculaRomania
64%
Land of the Morning CalmSouth Korea
64%
The Elongated CountrySweden
64%
Land of the TajiksTajikistan
64%
Anatolia | Land of Four SeasonsTurkey
64%
The Holy SeeVatican City
64%
Land of GraceVenezuela
64%
Land of EaglesAlbania
59%
Hayastan | The Country of StonesArmenia
59%
Pearl of the GulfBahrain
59%
The Land of RosesBulgaria
59%
Pearl of the AntillesCuba
59%
DanevangDenmark
59%
Nature Island of the Caribbean | Nature Isle of the CaribbeanDominica
59%
Pearl of the AntillesDominican Republic
59%
Pearl of the AntillesHaiti
59%
Heart of Europe | The Land of MagyarsHungary
59%
Billionaires’ PlaygroundMonaco
59%
Land of Blue Sky | Land of the Eternal Blue SkyMongolia
59%
Black Mountain | Black Wooded MountainMontenegro
59%
Roof of the World | The Land of TruthNepal
59%
NaijaNigeria
59%
Crossroads of the World
Hub of the Americas
| Melting Pot
Panama
59%
Garden Planted at the Edge of the SeaPortugal
59%
Land of the Setting Sun | The Red OneSpain
59%
The Pearl of AfricaUganda
59%
The Gulf TigerUnited Arab Emirates
59%
Sky BlueUruguay
59%
Fortunate ArabiaYemen
59%
Barbuda Wa'omoni | Land of 365 BeachesAntigua and Barbuda
55%
Bim | BimshireBarbados
55%
The Jewel of the Caribbean BasinBelize
55%
The Rich Coast | TicosCosta Rica
55%
Hidden Paradise | The Land of a Thousand IslandsCroatia
55%
Island of LoveCyprus
55%
Light of AmericaEcuador
55%
The Horn of AfricaEthiopia
55%
The RockJamaica
55%
Kirghizia | The Switzerland of Central AsiaKyrgyzstan
55%
Land of a Million ElephantsLaos
55%
Bessarabia | Black WallachiaMoldova
55%
Helen of the WestSaint Lucia
55%
Land of the Blue DragonVietnam
55%
Algiers in the WhiteAlgeria
50%
Heart Shaped LandBosnia and Herzegovina
50%
The Gem of AfricaBotswana
50%
Land of Unexpected TreasuresBrunei
50%
Soft Coral Capital of the World
Fiji
50%
The Smiling CoastGambia
50%
SakartveloGeorgia
50%
Chapines | Land of Eternal SpringGuatemala
50%
Land of Many WatersGuyana
50%
Land of Blue LakesLatvia
50%
Land of StorksLithuania
50%
Land Below the WindMalaysia
50%
Treasure IslandMaldives
50%
Land of HoneyMalta
50%
The Land of a Thousand CulturesPapua New Guinea
50%
Land of a Thousand HillsRwanda
50%
The Breadfruit IsleSaint Kitts and Nevis
50%
The Chocolate IslandsSao Tome and Principe
50%
The Land of Perpetual SummerSeychelles
50%
The Gibraltar of the West IndiesSt. Kitts and Nevis
50%
The Friendly IslandsTonga
50%
Land of the HummingbirdTrinidad and Tobago
50%
The Land of FireAzerbaijan
45%
The Land of Upright MenBurkina Faso
45%
Banana RepublicHonduras
45%
The Warm Heart of AfricaMalawi
45%
Mary's LandEstonia
41%
The Nation of GoldMali
41%
Continent IslandMauritius
41%
The Land of Many FacesNamibia
41%
Birdshit IslandNauru
41%
RasciaSerbia
41%
The Land of the FreeThe United States of America
41%
Land where Lagoons LieTogo
41%
The Kuwait of AfricaAngola
36%
Land of Many Volcanoes | The Tom Thumb of the AmericasEl Salvador
36%
Underwater SerengetiPalau
36%
The Holy LandPalestine
36%
Land of the Sleeping CrocodileTimor-Leste
36%
Land of Hope and GloryEngland
32%
Ivory CoastCote d'Ivore
9%
The Country of the Great SteppeKazahkstan
9%

Score Distribution

Percentile by Number Answered

Percent of People with Each Score

Your Score History

You have not taken this quiz